Open Data Biblioteca Nacional de Portugal


República Portuguesa: Ministério da Cultura
Biblioteca Nacional de Portugal

Catálogo da BNP: acesso por Identificadores Unívocos
Registos Bibliográficos associados ao registo de autoridade

Etiqueta de registo: 00000nam 2200025 450
001 1917413
003 http://id.bnportugal.gov.pt/bib/catbnp/1917413
100 ## $a20151209d2015 k y0pory01030103ba
101 0# $aeng$dpor
102 ## $aPT
105 ## $aa m 000yy
106 ## $ar
200 1# $aDesempenho sísmico para fora do plano de paredes de alvenaria de pedra$eavaliação experimental e analítica$dOut-of-plane seismic performance of stone masonry walls$eexperimental and analytical assessment$fTiago Miguel dos Santos Ferreira$gsupervision Romeu da Silva Vicente, Humberto Salazar Amorim Varum, Alexandre Aníbal Meira Guimarães da Costa$zeng
210 #9 $aAveiro$c[s.n.],$d2015
215 ## $aXIII, 141 p.$cil.$d30 cm
320 ## $aBibliografia, p. 123-141
328 #1 $aTese dout. Engenharia Civil, Universidade de Aveiro, 2015
510 1# $aOut-of-plane seismic performance of stone masonry walls$eexperimental and analytical assessment$zeng
675 ## $a624.012(469.9)(043)$vBN$zpor$31629713
675 ## $a624.04(469.9)(043)$vBN$zpor$31629716
675 ## $a629.23(469.9)(043)$vBN$zpor$31629714
675 ## $a699.84(469.9)(043)$vBN$zpor$31629715
700 #1 $aFerreira,$bTiago Miguel dos Santos$31628948
702 #1 $aVicente,$bRomeu da Silva,$f1976-$4727$31108387
702 #1 $aVarum,$bHumberto Salazar Amorim$4727$3794791
702 #1 $aCosta,$bAlexandre Aníbal Meira Guimarães da$4727$31520752
801 #0 $aPT$bBN$gRPC
966 ## $lBN$mFGMON$sS.A. 160132 V.$x1

Etiqueta de registo: 00254nam 2200025 450
001 2171970
003 http://id.bnportugal.gov.pt/bib/catbnp/2171970
100 ## $a20240705d2023 k y0pory01030103ba
101 0# $aeng$cpor
102 ## $aPT
105 ## $aa m 000yy
106 ## $ar
200 1# $aMetodologia para avaliação do desempenho sísmico de edifícios URM-RC existentes com recurso a BIM$dBIM-based methodology for the seismic performance assessment of existing URM-RC buildings$fGonçalo Correia Lopes$gorient. Romeu da Silva Vicente, Miguel Ângelo Dias Azenha, Tiago Miguel dos Santos Ferreira$zeng
210 #9 $aAveiro$c[s.n.],$d2023
215 ## $a[10], XI, 131 p.$cil.$d30 cm
328 #1 $aTese dout. Engenharia Civil, Universidade de Aveiro, 2023
510 1# $aBIM-based methodology for the seismic performance assessment of existing URM-RC buildings$zeng
675 ## $a624.044(043)$vBN$zpor$31236738
675 ## $a620.17(043)$vBN$zpor$31219943
700 #1 $aLopes,$bGonçalo Correia$31920815
702 #1 $aVicente,$bRomeu da Silva,$f1976-$4727$31108387
702 #1 $aAzenha,$bMiguel Ângelo Dias$4727$31269301
702 #1 $aFerreira,$bTiago Miguel dos Santos$4727$31628948
801 #0 $aPT$bBN$gRPC
966 ## $lBN$mFGMON$sS.A. 189027 V.$x1
971 ## $casantos$d20240705
972 ## $d20241025$e0$vlrevez$z0
973 ## $cigoulao$d20241018

Etiqueta de registo: 00000nam 2200025 450
001 2275896
003 http://id.bnportugal.gov.pt/bib/catbnp/2275896
100 ## $a20260304d2023 k y0pory01030103ba
101 0# $aeng$dpor
102 ## $aPT
105 ## $aa m 000yy
106 ## $ar
200 1# $aTowards an integrated vulnerability-based approach for evaluating, managing and mitigating earthquake risk in urban areas$fRafael Ramirez Eudave$gsupervision of Tiago Miguel dos Santos Ferreira, Paulo José Brandão Barbosa Lourenço
210 #9 $a[S.l.$cs.n.],$d2023
215 ## $aXVIII, 231 p.$d30 cm
328 #1 $aTese dout. Engenharia Civil, Escola de Engenharia, Universidade do Minho, 2023
675 ## $a624.01(043)$vBN$zpor$3302231
700 #1 $aRamirez Eudave,$bRafael$31988996
702 #1 $aFerreira,$bTiago Miguel dos Santos$4727$31628948
702 #1 $aLourenço,$bPaulo B.,$f1967-$4727$3685767
801 #0 $aPT$bBN$gRPC
966 ## $lBN$mFGMON$sS.A. 193596 V.$x1
971 ## $corlando$d20260304
972 ## $e0$z0$d20260422$vlrevez
973 ## $csteixeira$d20260416

Etiqueta de registo: 00254nam 2200025 450
001 2280843
003 http://id.bnportugal.gov.pt/bib/catbnp/2280843
100 ## $a20260317d2025 k y0pory01030103ba
101 0# $aeng$dpor
102 ## $aPT
105 ## $aa m 000yy
106 ## $ar
200 1# $aMetodologia e ferramentas de orientação e avaliação da reabilitação do edificado vernáculo, sob a égide do Desenvolvimento sustentável$dMethodology and tools for the evaluation and guidance of rehabilitation projects in vernacular constructions$fCatarina Pinto Mouraz$gorient. José António Raimundo Mendes da Silva, Tiago Miguel Santos Ferreira$zeng
210 #9 $aCoimbra$c[s.n.],$d2025
215 ## $a[3] f., XV, 292 p.$cil.$d29 cm
328 #1 $aTese dout. Engenharia Civil, Faculdade de Ciências e Tecnologia da Universidade de Coimbra, 2025
510 1# $aMethodology and tools for the evaluation and guidance of rehabilitation projects in vernacular constructions$zeng
675 ## $a624.011(043)$vBN$zpor$31435995
675 ## $a728.025(043)$vBN$zpor$31438509
700 #1 $aMouraz,$bCatarina Pinto$31991759
702 #1 $aSilva,$bJosé Raimundo Mendes da,$f1960-$4727$31234142
702 #1 $aFerreira,$bTiago Miguel dos Santos$4727$31628948
801 #0 $aPT$bBN$gRPC
966 ## $lBN$mFGMON$sS.A. 193430 V.$x1
971 ## $cisantos$d20260317
972 ## $e0$z0$d20260410$vlrevez
973 ## $cigoulao$d20260401

OpendataBNP@bnportugal.pt | Mais informação sobre acesso aos dados BNP